00381nam a22001337a 450000500170000000800410001702000220005808200160008010000230009624500360011925000080015526000450016365000390020820250507121437.0250507b |||||||| |||| 00| 0 eng d a978-93-5465-855-6 a616.0757 R4 aKuppusamy Thayalan aTextbook of Radiological Safety a2nd bJaypee Brothers Medical Publishersc2024 vphysiotherapyxRadiological Safety